Paroles - La Tactique du gendarme - Bourvil - Statistiques

Statistiques générales
  • Ce quiz a été pris 103 fois
  • Le résultat moyen est 225 sur 305
Statistiques - réponses
Paroles % Correct
d'
100%
gendarme
100%
a
99%
à
99%
c'
99%
C'
99%
l'
99%
tac,
99%
tac
99%
de
97%
la
97%
La
97%
là"
97%
97%
tactique,
97%
tactique
97%
est
96%
du
94%
sa
94%
le
92%
Un
91%
un
91%
avoir
86%
avoir,
86%
pas
86%
Pas
86%
doit
84%
J'
84%
j'
84%
tout,
84%
tout
84%
ma
83%
qu'
83%
ce
82%
Il
82%
il
82%
Mais
82%
mais
82%
au
77%
se
75%
n'
73%
en
71%
tic
71%
faut
70%
Faut
70%
les
70%
Les
70%
que
70%
des
69%
et
69%
je
69%
Je
69%
lui
69%
son
69%
aussi
68%
sans
68%
attend
66%
faire
66%
sur
66%
très
66%
y
66%
dans
65%
peu
65%
vous
65%
bien
62%
bons
62%
sagacité
62%
yeux
61%
Allez,
60%
allez
60%
Comme
58%
face
58%
remarquer
58%
trous
58%
être
57%
explique
57%
montre
57%
Attendez
56%
discussion
56%
eux,
56%
ne
56%
observer
55%
pieds
55%
on
53%
pratique
53%
connais
52%
Contravention
52%
métier
52%
ai
51%
taca
51%
avec
48%
quand
48%
qui
47%
surtout
47%
avant
44%
Car
44%
car
44%
toujours
44%
Exécution
40%
tous
40%
jamais
39%
ils
38%
sont
35%
verbaliser
34%
besoin
32%
cheval
32%
gendarmes,
32%
ont
32%
leur
31%
ceux
30%
règlement
30%
réponds
30%
vélo
30%
autorité
29%
constamment
26%
gens
26%
disent
25%
"Oh,
23%
sous
22%
voleurs
22%
après
21%
plaque
21%
courir
18%
air
17%
pensez,
17%
petit
17%
autos
16%
perspicace
13%
bonasse
12%
Aucun quiz correspondant
Distribution des résultats
% des personnes avec chaque résultat
Percentile par nombre de réponses
Votre historique - résultats
Vous n’avez pas pris ce quiz